|
|
|
|
| LEADER |
00000cam a2200000 7i4500 |
| 001 |
0000077878 |
| 005 |
20180118.0 |
| 008 |
180118 |
| 020 |
|
|
|a 9789671182611
|
| 090 |
0 |
0 |
|a 574.509595
|b END
|
| 245 |
0 |
0 |
|a EndauRompin :
|b revisited a malaysian heritage
|c Editor and scientific advisor academician Tan Sri Dr. Salleh Mohd. Nor
|
| 260 |
|
|
|a Selangor :
|b MRM Consultancy & Service Sdn. Bhd. ,
|c 2014
|
| 300 |
|
|
|a 187pg
|
| 500 |
|
|
|a Includes index
|
| 650 |
|
0 |
|a Forest conservation
|z Malaysia
|
| 650 |
|
0 |
|a Nature conservation
|z Malaysia
|
| 650 |
|
0 |
|a Wildlife conservation
|z Malaysia
|
| 999 |
|
|
|a 0001461993
|b Book
|c REFERENCE
|e Cawangan Segamat
|